000 01248nam a2200205Ia 4500
008 220216s9999 xx 000 0 und d
100 _aSabura Begum P M
245 0 _aPreparation of nano zinc oxide, its characterisation and use in styrene butadiene rubber
260 _bJournal of Rubber Research
_c2011
300 _a65-77
500 _aSource Year: 2011
520 _aZinc oxide (ZnO) of nanometer particle size was prepared by precipitation and solid state pyrolytic method. TEM, XRD and the surface area studies showed that zinc oxide prepared in the laboratory has a particle size in the nanometer range and a high surface area. This nano zinc oxide was used as an activator in non-polar synthetic rubber compounds. The cure characteristics and mechanical properties were compared with that containing conventional zinc oxide. It is found that a low dosage of zinc oxide was enough to give equivalent curing and mechanical properties compared to the one containing a higher dosage of conventional zinc oxide.
650 _aNano zinc oxide
650 _aPrecipitation method
650 _aSoil state pyrolytic method
650 _aStyrene butadiene rubber
700 _aMohammed Yusuff K K
700 _aRani Joseph
942 _cJS
999 _c65608
_d65608